[Event "Olympiad-38"]
[Site "Dresden"]
[Date "2008.11.15"]
[Round "3"]
[White "Lie, Kjetil A"]
[Black "Bu, Xiangzhi"]
[Result "1-0"]
[WhiteElo "2526"]
[BlackElo "2714"]
[Annotator "Lie,K"]
[PlyCount "85"]
[EventDate "2008.11.13"]
[EventType "team-swiss"]
[EventRounds "11"]
[EventCountry "GER"]
[SourceTitle "CBM 128"]
[Source "ChessBase"]
[SourceDate "2009.01.28"]
[SourceVersion "1"]
[SourceVersionDate "2009.01.28"]
[SourceQuality "1"]
[WhiteTeam "Norway"]
[BlackTeam "China"]
[WhiteTeamCountry "NOR"]
[BlackTeamCountry "CHN"]

{This game is my best memory from the Olympics in Dresden, and probably my
best memory from any olympiad, since I beat the best player I've ever beaten.
In itself, the game is not of the best standard, but it sure is an interesting
one!} 1. c4 c6 2. e4 d5 3. cxd5 cxd5 4. e5 {Inspired by my highly creative
teammate, Simen Agdestein, I decided to give this variation a go! :-) The main
point is to avoid a theoretical discussion, and get an unexplored position
with tactical possibilities.} Nc6 (4... d4 $5 {was tried against Agdestein
later in the tournament, by GM Aagaard, and although the e5-pawn may become
weak, I will have to say I believe this is no problem for White.}) 5. d4 Bf5 {
We get a Caro-Kann-like position, where the c-pawns have disapeared, and
although this might seem like a very good deal for Black, it also helps White,
who gets the possibility to place his knight on c3.} 6. Bd3 Bxd3 7. Qxd3 {
Ok, so the white-squared bishops are gone, and now we can argue that it seems
Black will get a very nice French position. However, there is still the
possibility of Nc3 for White, and it takes some time for Black to get out his
pieces. I think this position is roughly balanced, but with great practical
chances for both sides! That's what chess should be like!! :-)} e6 8. Nf3 Nge7
(8... Bb4+ {is the other possibility, to get the bishop out first. Play might
continue} 9. Nc3 Nge7 10. O-O O-O 11. Ne2 {White first wants to keep his
knight, and then at some stage maybe hit the bishop with a3, although this may
weaken b3.} Nf5 12. g3 Rc8 13. h4 {and White may consider ideas like Kg2, Rh1
and g4. Maybe, just maybe! :-)}) 9. h4 $5 (9. O-O $1 {probably is the soundest,
and best choice for the sane player. However, the chosen move plans to gain
space on the kingside, and is an interesting attempt to keep the position
unbalanced.}) 9... Qb6 {Black needs to react to White's space-grabbing with
counterplay against the potentially weak centre-pawn.} 10. Nc3 Nf5 11. Be3 $5 {
I used up a lot of time before this move, since I didn't find any clear way
for me to continue if black accepts the pawn sacrifice. In the end, I just had
to listen to my intuition, and here it is... Be3! :-)} ({My original plan was
to go for} 11. Nxd5 $6 {whereafter exd5 gives White good play. However, Black
has the simple move} Qd8 $1 {which promises White nothing.} 12. Nc3 Nfxd4 13.
Nxd4 Qxd4 14. Qxd4 Nxd4 {and this should be a bit better for Black, because of
the exposed e5-pawn.}) 11... Rd8 (11... Qxb2 $5 {was an absolute possibility,
where I have a decision to make. 0-0 or Rb1. Probably my compensation isn't
quite sufficient, but being the practical player I am, I quite liked my
chances during the game. My guess is that Bu wanted to play it safe, and
slowly outplay me, the weaker player! I have to say, I cannot blame him, and
most of the time he probably would outplay me! However, we all have our lucky
days. This was mine! :-)}) 12. g4 $6 {Yet another interesting move, which once
again offers Black a pawn for compensation. Probably g4 is a bit too much, but
during the game it felt like interesting compensation.} (12. O-O {was less
committal and probably the best move, in theory that is.}) 12... Nxe3 13. fxe3
Be7 $6 {Again, Bu doesn't want to complicate stuffs. In this exact position,
however, he should probably have done so by taking the pawn.} (13... Qxb2 $1
14. O-O Qa3 {and I doubt whether White has enough compensation, since Black
has the fine resource ...Rd7 which covers both b7 and f7.}) 14. O-O O-O 15. Rf2
{After this move, I thought I was doing pretty well. b2 is covered, and I am
planning to double my rooks, exerting pressure down the f-file. Black's
chances rely on the f6-break, and trying to exchange queens, when the endgame
would be a bit better for Black.} Nb4 {This move is connected with the idea
Qa6, followed by either Qd3 or Nd3. Also, it is aimed at provoking a3, after
which b3 may become a significant weakness for White.} 16. Qd2 Qa6 17. Rd1 {
To stop any piece from landing on the d3-square. Of course, I was eager about
my own plans on the kingside, but sometimes you need to take some precautions
before starting your own operations!} f6 {I have to admit, at this stage I was
very unsure about the position. I felt I needed to get my pieces to the
kingside to try and create an attack, since positionally Black is better.} 18.
a3 {The knight leaves its active square, but it has done its job, and created
a hole in White's camp.} Nc6 19. exf6 Rxf6 20. Ne2 $1 {I think this is a good
idea, both since White gives himself the possibility to put the knight on f4,
pressuring e6, and because, in some variations it is important to block the
queen's long diagonal a6-f1.} Bd6 {Stoping Nf4, but losing control over g5,
which may become vital.} 21. Rdf1 Na5 $2 {During the game I thought this was
Black's best choice, but in hindsight it seems this is an error. Sure, Black
should try and find an active plan now, since White has turned his eye to the
kingside. However, White's pieces is so far ahead of Black's, that Bu needed
to be more careful here.} (21... e5 $1 {was the other active plan, and
probably the right one, after which it's hard to evaluate the position, other
than saying it is very unclear.}) 22. Ng5 $1 {Now Black is in a very awkward
situation, with White's knight eyeing e6, f7 and h7.} Rxf2 23. Rxf2 Be7 {
This seems to solve Black's problems. During the game, I thought it wouldn't,
and I was right! However, as we will see, my reason for this conclusion was
not the right one. Chess really is hard!! :-) What Black should have played is
hard to say, maybe it is already hard to keep White away.} 24. e4 $6 {In mind,
I gave myself the title "Mr. Brilliant" for this move, but I'm afraid the
fiercest judges of all, mr. Fritz doesn't quite agree...} (24. Qc2 $1 {was the
brilliant move I should have found, actually with very much the same ideas as
in the game. However, my eyes were hooked on the e4-square, and nothing else.}
Bxg5 25. Qc7 $3 {is the very nice point, whereafter Black has no satisfying
defence. For example} Rf8 26. hxg5 {and black finds himself in a very sad
situation.}) 24... h6 25. Qf4 $1 {This was my big point, and it gives me the
advantage, for sure. I am, however, not sure if it's enough to win.} Rf8 26.
Qc7 Rxf2 27. Kxf2 {White keeps a clear pull after this. Especially,
considering that Bu was very short of time here, I was feeling confident.} (27.
Qxe7 $2 {was quite a funny line which I looked at during the game.} Rg2+ $1 28.
Kh1 Rh2+ $1 {and it's a draw!}) 27... Bxg5 (27... Nc6 {was a possibility,
although it is hard to believe that White has anything less than a clear edge
here.} 28. exd5 exd5 29. Nf3 {is the line Fritz gives as the most promising,
and it seems solid and good for White.}) 28. hxg5 Qb6 $2 {In time-trouble Bu
doesn't find the best move.} (28... hxg5 {was the best try, after which I was
planning to go for} 29. exd5 exd5 30. Qd8+ Kh7 31. Qxd5 {with a clear edge for
White.} (31. Qxg5 {may be even better.})) 29. Qc8+ (29. Qxb6 $6 {was tempting,
and gives a clear pawn up, but White should go for more.} axb6 30. exd5 exd5
31. gxh6 gxh6 32. Nc3 {with great winning chances for White.}) 29... Kh7 30.
g6+ $1 {I was very happy to find this move, which lands Black's king in all
sort of problems.} Kxg6 31. exd5 Qd6 32. Qxe6+ {The endgame that arises should
be winning for White, but it is only because of some very important and exact
moves later on.} (32. b4 $5 {was the move in which I considered the most,
along with the text move. I saw the line} Qh2+ 33. Ke3 Qh3+ 34. Kd2 Nb3+ 35.
Kc2 Na1+ 36. Kb2 Qb3+ 37. Kxa1 {but I wasn't sure about this position, so I
decided to go for the safe and very promising text-move.}) 32... Qxe6 33. dxe6
Kf6 34. d5 {Black is only one pawn down, and therefore he should be able to
hope for a draw. In this position, however, White has two connected passed
pawns, and this should be all too much for Black to handle.} Nc4 {It seems
Black will get a pawn back...} 35. Nd4 $1 {This is an important move, since it
activates a big threat in Nf5, and also it prepares to chase the knight away
with b3!} g6 {Black needs to keep the knight away from f5.} (35... Nxb2 $2 {
was too greedy here, as} 36. d6 $1 {wins on the spot!}) 36. b3 $1 {Another big
moment, which I had to foresee before playing Qxe6.} Nd6 {Black needs to keep
his knight close to the pawns.} (36... Nxa3 $2 {and it is clear that the
knight is totally offside here.} 37. d6 $1 {and it's game over for Black.}) 37.
Nf3 {Another important move, to keep the king away from e5.} Nb5 38. Ke3 $1 {
After this last exact move, Black is lost.} Nxa3 {Now the game ends very
quickly, but Black was out of fuel anyway.} ({For example} 38... h5 39. gxh5
gxh5 40. a4 {and after White activates his king, Black cannot hold on for long.
}) 39. Nd4 $1 {Again, the knight is offside, and White gets to use this fact
by deciding the game in a very attractive way.} Ke7 40. Kf4 Kd6 41. g5 $1 {
Without this move it wouldn't be that easy, and this was probably also the
move Bu missed when taking on a3.} h5 (41... hxg5+ {was no better, when after}
42. Kxg5 Nb1 43. Kxg6 {Black is hopelessly lost.}) 42. Nf5+ $1 {The final
point, as Black cannot take the knight, since the g-pawn would roll down the
board.} Kc7 43. d6+ {and Bu resigned. A very interesting game, and a nice and
satisfying win for me! :-)} 1-0

[Event "Olympiad-36"]
[Site "Mallorca"]
[Date "2004.10.29"]
[Round "14"]
[White "Nisipeanu, Liviu Dieter"]
[Black "Bologan, Viktor"]
[Result "1/2-1/2"]
[WhiteElo "2687"]
[BlackElo "2669"]
[Annotator "Lukacs,P"]
[PlyCount "71"]
[EventDate "2004.10.15"]
[EventType "team-swiss"]
[EventRounds "14"]
[EventCountry "ESP"]
[SourceTitle "CBM 104"]
[Source "ChessBase"]
[SourceDate "2005.01.27"]
[SourceVersion "1"]
[SourceVersionDate "2005.01.27"]
[SourceQuality "1"]
[WhiteTeam "Romania"]
[BlackTeam "Moldova"]
[WhiteTeamCountry "ROU"]
[BlackTeamCountry "MDA"]

1. e4 c6 2. c4 d5 3. exd5 cxd5 4. Nf3 (4. cxd5 Nf6 5. Nc3 Nxd5 6. Nf3 {is the
usual move order.}) 4... Nf6 5. cxd5 Nxd5 6. Nc3 e6 (6... Nxc3 7. bxc3 g6 {
resembles to the Grunfeld.}) (6... Nc6 7. Bb5) 7. Bc4 Nxc3 (7... Be7 8. O-O O-O
9. d4 {leads to the Tarrasch D41 avoiding the Panov-Nimzo.}) 8. bxc3 Bd6 9. d4
Nd7 {The N wants to defend the >>.} 10. O-O O-O 11. Qe2 (11. Re1 $5 {deserves
attention.} Qc7 12. Qd3 b6 13. Re4 $1 {White grabs the |^ transferring the R
to the >> ->.} Bb7 14. Rh4 Nf6 (14... g6 $5) 15. Bb3 Rac8 16. Bd2 Rfd8 (16...
e5 $2 {opens up the a2-g8 /^ which can be exploited by White.} 17. Ng5 $1 h6 (
17... e4 18. Qh3 h6 19. Rxh6 $1 $18 {destroying Black's defensive wall.}) 18.
Rxh6 $1 {This is the real devastation.} Ba6 (18... e4 19. Qh3 $18) 19. Qf5 gxh6
20. Qg6+ Kh8 21. Qxh6+ Kg8 22. Qg6+ Kh8 23. Qxf6+ {1-0 Sulava-L.Ortega, Saint
Vincent 2002}) 17. Rc1 (17. Re1 h6 $13) 17... h6 $13) 11... Qc7 12. Bd3 b6 $1 (
{accepting the P sacrifice gives White a good game after} 12... Qxc3 13. Bg5
Re8 14. Qe4 $44) 13. Bb2 $6 (13. Qe4 {wins material after} Nf6 14. Qxa8 Bb7 15.
Qxa7 Ra8 16. Qxa8+ Bxa8 {but Black's ^^ looks extremely active.} 17. c4 Bxf3
18. gxf3 Bxh2+ 19. Kg2 Bf4 $13) 13... Bb7 14. h3 {White's passive play enables
Black's counterattack in the [+].} e5 $1 15. Rae1 {This looks sophysticated.} (
15. Ng5 Nf6 $15) (15. Rfe1 $5) 15... Rae8 16. Bb5 Re7 (16... Bc6 $15 {
exchanging the light-squared B helps for Black to exploit the weaknesses on
the <<.}) 17. Bxd7 exd4 (17... Qxd7 18. dxe5 (18. Nxe5 Rfe8) 18... Qc6 19. c4
Bxe5 20. Bxe5 f6 $1 $15) 18. Qxe7 {White wants to fish in troubled waters, but
this can backfire.} Bxe7 19. Rxe7 Qd6 ({missing the simple} 19... Bxf3 $1 20.
gxf3 (20. cxd4 Bc6 $1 21. Rc1 Qd6 $19) 20... d3 $19 (20... Qd6 $19)) 20. Rfe1
Bxf3 21. cxd4 $1 {This is a strong intermediate move which was probably
understimated by Black.} (21. gxf3 $2 d3 $19) 21... Bd5 (21... Qb4 22. Bc1 Bb7
$15) 22. Bg4 Qb4 23. R1e2 Bxa2 24. Rxa7 {White's R and B have good defensive
chances against the Q.} Bc4 25. Rc2 Qe1+ 26. Kh2 Bd3 (26... Bd5 $15) 27. Bc3
Qf1 28. Rb2 $2 (28. Rd2 {was more persistant.}) 28... Be4 (28... Qc1 29. Rb3
Bc4 30. Rba3 Bd5 $19 {and White's pieces lack any of harmony.}) 29. f3 Bd5 30.
Rxb6 f5 $2 (30... Qc1 $1 {was strong again.} 31. Bb4 Qf4+ 32. Kh1 Qxd4 $19) 31.
Bh5 {Now White gets good counterchances on the >>.} Qc1 (31... Qc4 32. Bb2 Rd8
33. Rd7 Qc8 34. Ra7 g6 35. Bxg6 $1 hxg6 36. Rxg6+ $11 {and draw by perpetual.})
32. Rb5 Qf4+ 33. g3 Qd6 (33... Qe3 34. Rxd5 Qf2+ $11) 34. Bb4 Qc6 35. Rc5 Qe6
36. Rcc7 1/2-1/2

[Event "RUS-chT 04th"]
[Site "Azov"]
[Date "1996.??.??"]
[Round "7"]
[White "Berelowitsch, Alexander"]
[Black "Rublevsky, Sergei"]
[Result "0-1"]
[WhiteElo "2500"]
[BlackElo "2645"]
[Annotator "Makarichev,S"]
[PlyCount "60"]
[EventDate "1996.??.??"]
[EventType "team-tourn"]
[EventRounds "7"]
[EventCountry "RUS"]
[SourceTitle "CBM 056 Extra"]
[Source "ChessBase"]
[SourceDate "1997.03.01"]
[SourceVersion "1"]
[SourceVersionDate "1997.03.01"]
[SourceQuality "1"]
[WhiteTeam "Rostov-on-Don Don-SDYuSShOR"]
[BlackTeam "Kazan Sberbank-Tatarstan"]
[WhiteTeamCountry "RUS"]
[BlackTeamCountry "RUS"]

1. e4 c5 2. c3 Nf6 3. e5 Nd5 4. d4 cxd4 5. Nf3 e6 6. cxd4 d6 7. a3 Bd7 8. Bd3
Bc6 9. O-O Nd7 10. b4 a6 11. Nbd2 Nc3 $5 {N/} (11... Nf4 $5 12. Be4 Bb5 13. Re1
d5 14. Bc2 Nd3 15. Re3 Nxc1 $13 {Basetich,N-Markovich,M/Cetinje/1993/}) (11...
dxe5 $6 12. dxe5 Be7 13. Ne4 Qc7 14. Bb2 $14 {Brynell,S-Nielsen,U/Kobenhavn/
1993/}) 12. Qe1 $2 (12. Qb3 $142 Rc8 $1 13. Qxc3 (13. Bb2 $2 Bd5 $1 14. Bc4 Nb6
$5 $15 (14... Ne2+ $2 15. Kh1 Rxc4 $2 16. Nxc4 b5 17. Nxd6+ $1 Bxd6 18. Qe3 $16
)) 13... Bxf3 14. Qb2 $1 (14. Qb3 $6 Bd5 $15 15. Bc4 $140 $2 Rxc4 $1 16. Nxc4
b5 $19) 14... Bd5 15. Ne4 $1 dxe5 (15... Nb6 $2 16. Bg5 $1 $40) (15... Qh4 $2
16. Bg5 (16. Nxd6+ $2 Bxd6 17. exd6 Bxg2 $1 18. Kxg2 Qg4+ 19. Kh1 Qf3+ 20. Kg1
Qxd3 $17) 16... Qh5 17. Rac1 $16) (15... Bxe4 $6 16. Bxe4 d5 17. Bd3 Nb6 $13)
16. dxe5 Be7 (16... Qh4 $6 17. Qd4 $1) 17. Bf4 O-O 18. Qe2 $132) 12... dxe5 13.
Ne4 $6 (13. dxe5 Nc5 $1 14. Bc2 Nd3 15. Qe3 Nxc1 16. Raxc1 Nd5 $15 17. Qe4 $140
$2 Nxb4 $1) 13... Nxe4 14. Bxe4 Bb5 $1 (14... exd4 $6 15. Bxc6 bxc6 16. Nxd4
$132) 15. Bxb7 $6 (15. dxe5 $5 Rb8 16. Be3 Be7 17. Rd1 Bxf1 (17... O-O 18. Bd3
$1) 18. Kxf1 O-O (18... Qc7 19. Rc1 Qd8 20. Rd1) 19. Qd2 Nb6 20. Bxh7+ $1 $13)
15... Ra7 $17 16. a4 Bxf1 17. Bc6 Rc7 $1 $8 (17... Bc4 $2 18. Nxe5 Bd5 19. Bxd5
Nxe5 (19... exd5 $4 20. Nc6+) 20. Qxe5 $1 Qxd5 21. Qb8+ $1 $16) 18. b5 Bc4 19.
Bd2 (19. Nxe5 Rxc6 $17) 19... e4 $1 (19... Rxc6 20. bxc6 $13) 20. Qxe4 (20. Ne5
Rxc6 $17) 20... Be7 $1 {/\Bc4-d5} 21. Ba5 O-O 22. Qf4 e5 23. Qc1 $6 (23. Nxe5
Nxe5 24. dxe5 Be6 $17) 23... Be2 $1 $19 24. Bxc7 Qxc7 25. Bxd7 Qxd7 26. Nxe5
Qxd4 27. Nc6 Qf6 $1 {xa1} 28. b6 Bc5 $1 29. Rb1 (29. Qxc5 Qxa1+) 29... Qxc6 30.
b7 Rb8 0-1

[Event "Olympiad-32"]
[Site "Yerevan"]
[Date "1996.09.18"]
[Round "3.1"]
[White "Magomedov, Magaram"]
[Black "Yegiazarian, Arsen"]
[Result "1-0"]
[WhiteElo "2460"]
[BlackElo "2455"]
[Annotator "Makarichev,S"]
[PlyCount "119"]
[EventDate "1996.09.15"]
[EventType "team-swiss"]
[EventRounds "14"]
[EventCountry "ARM"]
[SourceTitle "CBM 055"]
[Source "ChessBase"]
[SourceDate "1996.12.01"]
[SourceVersion "1"]
[SourceVersionDate "1996.12.01"]
[SourceQuality "1"]
[WhiteTeam "Tajikistan"]
[BlackTeam "Armenia III"]
[WhiteTeamCountry "TJK"]
[BlackTeamCountry "ARM"]

1. e4 c5 2. c3 d5 3. exd5 Qxd5 4. d4 Nf6 5. Nf3 Nc6 6. Be3 cxd4 7. cxd4 e6 8.
Nc3 Qd8 9. a3 Be7 10. Bd3 O-O 11. O-O b6 12. Re1 Bb7 13. Bc2 Rc8 14. Qd3 g6 15.
Bh6 $5 (15. Rad1 Qc7 16. Qe2 $13 {Klinger,J-Georg,M/Zurich op/1993/}) 15... Re8
16. Rad1 Nd5 (16... Qc7 $5 17. Bb3 $5 $40) 17. h4 $5 (17. Ne4 $2 Ncb4 $1 $17)
17... Nxc3 18. bxc3 Na5 (18... Bxa3 $2 19. h5 Ne7 20. Ng5 Nf5 21. hxg6 hxg6 22.
Qh3 Be7 23. Nxe6 fxe6 24. Qg4 $1 (24. Rxe6 $2 Bf6 25. Rxe8+ (25. Bb3 Rxe6 26.
Bxe6+ Kh7) 25... Qxe8 26. Bb3+ Kh7 27. Bf8+ Nh4) 24... Kh7 (24... Kf7 25. Rxe6
Kxe6 26. Qxg6+ Bf6 27. Qxf5+ Kd6 (27... Kf7 28. Bb3+ $18) 28. Bf4+ Ke7 29. Re1+
Kf8 (29... Kf7 30. Qg6+ $18) 30. Bh6+ $18) 25. Rxe6 $18) (18... Bxh4 $2 19. d5
$1 Na5 20. Ba4 $16) 19. Ba4 Bc6 20. Bxc6 Nxc6 (20... Rxc6 $6 21. Ne5 Rc8 22. h5
Bf8 23. hxg6 hxg6 24. Qh3 $40 Nc4 $140 $2 (24... Nc6 25. Ng4 $1 $16 {/\d4-d5})
25. Bxf8 Rxf8 26. Nxc4 Rxc4 27. Rxe6 $1 $16) 21. c4 Na5 (21... Bf8 $5 22. Bxf8
Rxf8 23. d5 exd5 24. cxd5 $16) 22. h5 Bf6 (22... Nxc4 $5 23. hxg6 hxg6 24. Rxe6
Bf6 $1 $14 (24... Nb2 $4 25. Rxg6+ $18)) 23. hxg6 hxg6 24. Ne5 $1 Bxe5 25. dxe5
$1 $16 {xf6/} Qh4 (25... Qxd3 26. Rxd3 Rxc4 27. Bg5 $16 {/\Bf6,Rd3-h3-h8/}) 26.
Qe3 Nxc4 27. Qg5 Qxg5 $8 28. Bxg5 b5 29. Bf6 {/\Rd1-d3-h3/} Kh7 $8 30. Rd3 g5
31. Bxg5 $40 Rg8 32. Bf6 Rg6 (32... a5 33. Re4 Rg6 34. Rh4+ Rh6 35. Rg4 Rg8 (
35... Rg6 36. Rh3+ $18) 36. Rxg8 Kxg8 37. g4 $1 $18 Kh7 38. Kg2 Rg6 39. Kg3 Rg8
40. Kf4 Rb8 41. Rh3+ Kg6 42. g5) 33. Rd7 Kg8 34. Red1 $1 $18 Rg4 35. R1d3 Kh7
36. Rxf7+ $6 (36. f3 $5 $18) 36... Kg6 37. Rg7+ Kf5 38. Rf3+ Rf4 39. Rg5+ Ke4
40. Rb3 Rc5 41. Rg7 a6 42. f3+ Kd4 43. g3 Rf5 44. g4 Rf4 45. Kf2 Nb6 (45...
Nxe5 46. Rb4+ Rc4 47. Rd7+ $18) 46. Kg3 Nd5 47. Rd7 Rc4 48. Rd6 Kc5 49. Rxe6 a5
50. Be7+ Nxe7 51. Rxe7 Rf8 52. Rc7+ Kd4 53. Rb7 a4 54. Rd7+ Kc5 55. Re3 b4 56.
axb4+ Rxb4 57. e6 Ra8 58. e7 Rbb8 59. Rd1 a3 60. Ra1 1-0

[Event "Malakoff op 09th"]
[Site "Malakoff"]
[Date "2009.04.14"]
[Round "5"]
[White "Sveshnikov, Vladimir"]
[Black "Shirazi, Kamran"]
[Result "1-0"]
[WhiteElo "2385"]
[BlackElo "2404"]
[Annotator "Malakoff/Primel,D"]
[PlyCount "50"]
[EventDate "2009.04.11"]
[EventType "swiss"]
[EventRounds "9"]
[EventCountry "FRA"]
[SourceTitle "EXT 2010"]
[Source "ChessBase"]
[SourceDate "2010.11.25"]
[SourceVersion "1"]
[SourceVersionDate "2010.11.25"]
[SourceQuality "1"]

1. e4 c5 2. c3 Nf6 {la meilleure ligne selon ... SVESHNIKOV dans sa dernière
monographie consacrée а la variante ALAPINE} 3. e5 Nd5 4. Nf3 Nc6 (4... d6) (
4... e6) 5. Bc4 (5. d4 {Sveshnikov,E (2554)-Shirazi,K (2415) Malakoff 09th Op
2009 (7.2) 0-1}) 5... Nb6 6. Bb3 c4 7. Bc2 d6 (7... Qc7 {[%cal Gc7e5,Gc6e5]
probablement plus précis car les noirs gagnent un tempo important} 8. Qe2 g5 $1
{Sveshnikov,V (2385)-Abergel,T (2497) Malakoff 09th Op 2009 (3) 1-0}) 8. exd6
Bg4 $5 {interessant mais plus risqué que la ligne principale Qd6} (8... Qxd6
$142 9. O-O Bg4 10. Qe2 e6 11. b3 cxb3 12. axb3 $14 {Khamrakulov,I (2452)
-Mirzoev,A (2551) Seville op 29th 2004 (4) 1-0}) 9. d4 (9. h3) 9... e6 $146 (
9... cxd3 $5 {[%csl Rb1]} 10. Qxd3 e6 {El Debs,F (2341)-Alekseev,E (2632) Wch
U20 Istanbul 2005 (3) 0-1} (10... e5 $5)) 10. Nbd2 Bxd6 11. O-O O-O 12. h3 Bh5
(12... Bf5) 13. Ne4 Be7 14. Ng3 Bg6 15. Bxg6 hxg6 16. Qe2 Re8 17. Ne4 Qd5 18.
Bf4 Nd7 19. Rad1 b5 20. Ne5 Rad8 21. Rfe1 Kf8 22. Qe3 a5 {[%cal Gb5b4]} 23. Nd2
b4 24. Qe2 (24. Nexc4 $5) 24... Ncxe5 25. dxe5 Qc6 {suite illisible et gain
blanc au 60ème coup} 1-0